| 000 | 00492nam a2200169Ia 4500 | ||
|---|---|---|---|
| 999 |
_c1429 _d1429 |
||
| 003 | OSt | ||
| 005 | 20200923150030.0 | ||
| 008 | 190216s9999||||xx |||||||||||||| ||und|| | ||
| 040 | _coclc | ||
| 082 |
_a576 _bPYA/M |
||
| 100 |
_aPyatkin, K D _94901 |
||
| 245 | 0 |
_aMicrobiology With Virology And Immunology / _cK D Pyatkin ; YU S Krivoshein |
|
| 260 |
_bMir Publishers, _c1987. _aMoscow: |
||
| 300 | _a560p | ||
| 650 | _aBotany | ||
| 942 |
_cBK _2ddc _h576 _iPYA/M _k576 _mPYA/M |
||